| 000 | 00000nam##2200000za#4500 |
| 001 | 9.639677 |
| 003 | CaOODSP |
| 005 | 20210624222305 |
| 007 | cr ||||||||||| |
| 008 | 150407|1998||||xxc|||||o f|0| 0 fre|d |
| 040 | |aCaOODSP|bfre |
| 043 | |an-cn--- |
| 086 | 1 |aR34-8/1-1998F-PDF |
| 110 | 1 |aCanada.|bAffaires indiennes et du Nord. |bProgramme des affaires du Nord. |
| 245 | 10|aPartage des compétences en matière de ressources foncières et d'utilisation et d'aménagement des terres au Yukon et dans les Territoires du Nord-ouest. Terres des Territoires du Nord-Ouest visées par les ententes de règlement avec les Premières nations / |h[ressource électronique]|cPublié avec l'autorisation du ministre des Affaires indiennes et du Nord canadien. |
| 246 | 1 |iTitre de renvoi : |aTerres des Territoires du Nord-Ouest visées par les ententes de règlement avec les Premières nations |
| 260 | |aOttawa - Ontario : |bAffaires indiennes et du Nord. |c1998. |
| 300 | |a48p.|bcarte |
| 500 | |a«Publication nº un»--p.1 de 48. Publication nº deux (R34-8/2-1998F-PDF) ; Publication nº trois (R34-8/3-1998F-PDF) ; Publication nº quatre (R34-8/4-1998F-PDF). Le nº de catalogue (r34-8/1-1998f) et l'ISBN (0-662-83014-8) de l'édition imprimée ont été incorrectement copiés dans cette édition électronique. |
| 590 | |a12-09-Supp|b2012-03-21 |
| 691 | 07|aGestion du territoire|2gcpds |
| 691 | 07|aRevendication territoriale|2gcpds |
| 691 | 07|aTerres autochtones|2gcpds |
| 775 | 08|tJurisdictional responsibilities for land resources, land use and development in the Yukon Territory and Northwest Territories. Northwest Territories First Nations settlement areas / |w(CaOODSP)9.695545 |
| 856 | 40|ahttp://publications.gc.ca|qPDF|s1.08 Mo|uhttps://publications.gc.ca/collections/Collection/R34-8-1-1998F.pdf |
| 986 | |aQS-8574-004-FF-A1 |